Education for critical consciousness

Salvato in:
Dettagli Bibliografici
Autore principale: FREIRE, Paulo
Natura: Libro
Lingua:inglese
Pubblicazione: Bloomsbury Academic 2013
Tags: Aggiungi Tag
Nessun Tag, puoi essere il primo ad aggiungerne!!

MARC

LEADER 00000nam a22000007a 4500
008 230123b |||||||| |||| 00| 0 eng d
020 |a 9781780937816 
100 |a  FREIRE, Paulo 
245 |a Education for critical consciousness   |c Paulo Freire  |e Bloomsbury revelation  |g  xvii, 145p 
260 |b Bloomsbury Academic  |c 2013  |h London  |i 699780  |i 699781  |l LC191.8.L29F87  |m Educational Sociology-Latin America  |m Liberty  |m Critical pedagogy-Latin America 
500 |a Includes bibliographical references 
942 |a lcc  |c BK  |e Johnson  |f 23/01/23 
952 |0 0  |1 0  |2 lcc  |4 0  |6 LC01918 L29 F87  |7 0  |9 4181  |a ED  |b HOL  |c LP  |d 2023-01-23  |l 0  |o LC191.8.L29F87  |p 2023-0111  |r 2023-01-23 00:00:00  |t 699780  |w 2023-01-23  |y BK 
952 |0 0  |1 0  |2 lcc  |4 0  |6 LC01918 L29 F87  |7 0  |9 4182  |a HOL  |b HOL  |c LP  |d 2023-01-23  |l 0  |o LC191.8.L29F87  |p 2023-0112  |r 2023-01-23 00:00:00  |t 699781  |w 2023-01-23  |y BK 
999 |c 2095  |d 2095